Name the fruit - Statistics

General Stats
  • This quiz has been taken 41 times
  • The average score is 12 of 15
Answer Stats
Picture Answer % Correct
banana
100%
pineapple
100%
strawberry
100%
tomato
100%
apple
97%
blueberry
97%
lime
92%
mango
92%
peach
92%
raspberry
92%
plum
73%
nectarine
70%
lychee
62%
guava
46%
prickly pear
32%
No matching quizzes found
Score Distribution
Percent of People with Each Score
Percentile by Number Answered
Your Score History
You have not taken this quiz